000 00675nam a2200229 a 4500
001 655964
005 20180202075515.0
008 941212r1981 nju b 000 0 eng
010 _a 94072518
020 _a1568213425
040 _aDLC
_cDLC
041 _aeng
080 _a616.8917023 MAL
082 0 0 _a616.8917023 MAL
_220
100 1 _a49
101 _aPSI
245 1 0 _aPsychoanalysis :
_cby Janet Malcolm.
504 _aIncludes bibliographical references (p. 169-174).
906 _a7
_bcbc
_corignew
_d2
_eopcn
_f19
_gy-gencatlg
942 _2ddc
_cBK
999 _c41667
_d41667